Оценка фазового состава бинарного электролитическогоосадка свинец-родий методом инверсионной вольтамперометрии; Инновационные процессы комплексной и глубокой переработки минерального сырья (Плаксинские чтения - 2013)

Podrobná bibliografie
Parent link:Инновационные процессы комплексной и глубокой переработки минерального сырья (Плаксинские чтения - 2013).— 2013.— [С. 493-496]
Hlavní autor: Пакриева Е. Г. Екатерина Германовна
Korporativní autor: Национальный исследовательский Томский политехнический университет (ТПУ) Институт природных ресурсов (ИПР) Кафедра физической и аналитической химии (ФАХ)
Další autoři: Колпакова Н. А. Нина Александровна (научный руководитель)
Shrnutí:Заглавие с титульного экрана
Jazyk:ruština
Vydáno: 2013
Edice:Стендовые доклады
Témata:
On-line přístup:http://www.lib.tpu.ru/fulltext/c/2013/C44/185.pdf
Médium: Elektronický zdroj Kapitola
KOHA link:https://koha.lib.tpu.ru/cgi-bin/koha/opac-detail.pl?biblionumber=604571

MARC

LEADER 00000naa2a2200000 4500
001 604571
005 20260213155347.0
035 |a (RuTPU)RU\TPU\conf\1849 
035 |a RU\TPU\conf\1848 
090 |a 604571 
100 |a 20140312d2013 k y0rusy50 ca 
101 0 |a rus 
102 |a RU 
135 |a drnn ---uucaa 
181 0 |a i  
182 0 |a b 
200 1 |a Оценка фазового состава бинарного электролитическогоосадка свинец-родий методом инверсионной вольтамперометрии  |f Е. Г. Пакриева  |g науч. рук. Н. А. Колпакова 
203 |a Текст  |c электронный 
225 1 |a Стендовые доклады 
300 |a Заглавие с титульного экрана 
337 |a Adobe Reader 
463 1 |0 (RuTPU)RU\TPU\conf\66  |t Инновационные процессы комплексной и глубокой переработки минерального сырья (Плаксинские чтения - 2013)  |o материалы Международного совещания, г. Томск, 16-19 сентября 2013 г.  |f Национальный исследовательский Томский политехнический университет (ТПУ) ; под ред. В. А. Чантурии  |v [С. 493-496]  |d 2013 
610 1 |a труды учёных ТПУ 
610 1 |a электронный ресурс 
610 1 |a фазовые составы 
610 1 |a электролитические осадки 
610 1 |a бинарные осадки 
610 1 |a свинец 
610 1 |a родий 
610 1 |a инверсионная вольтамперометрия 
700 1 |a Пакриева  |b Е. Г.  |c химик-технолог  |c инженер-исследователь Томского политехнического университета  |f 1989-  |g Екатерина Германовна  |3 (RuTPU)RU\TPU\pers\31165 
702 1 |a Колпакова  |b Н. А.  |c химик  |c девичья фамилия Полукарова  |c профессор Томского политехнического университета, доктор химических наук  |c Почетный химик России (1996 г.)  |f 1942-  |g Нина Александровна  |4 727 
712 0 2 |a Национальный исследовательский Томский политехнический университет (ТПУ)  |b Институт природных ресурсов (ИПР)  |b Кафедра физической и аналитической химии (ФАХ)  |3 (RuTPU)RU\TPU\col\18656 
801 2 |a RU  |b 63413507  |c 20140312  |g RCR 
856 4 |u http://www.lib.tpu.ru/fulltext/c/2013/C44/185.pdf 
942 |c CF